Statistics for Countries With More Than 100 Million People

Click here to take the quiz!

General Stats

  • This quiz has been taken 99,629 times
    (36,900 since last reset)
  • The average score is 13 of 15

Answer Stats

DatePopulationCountry% Correct
14201434 milChina
100%
14501437 milIndia
99%
1915345 milUnited States
99%
1930144 milRussia
96%
1971217 milBrazil
95%
2001129 milMexico
91%
1965123 milJapan
90%
1964279 milIndonesia
89%
1992227 milNigeria
87%
1985246 milPakistan
86%
2016114 milEgypt
80%
1986174 milBangladesh
79%
2022104 milD. R. Congo
72%
2013118 milPhilippines
69%
2014129 milEthiopia
67%

Score Distribution

Percentile by Number Answered

Percent of People with Each Score

Your Score History

You have not taken this quiz since the last reset